Statystyki dla Najwyższe szczyty świata

Kliknij tutaj aby rozwiązać quiz!

Ogólne statystyki

  • Ten quiz został rozwiązany 197 razy
  • Średni wynik to 4 z 10

Statystyki odpowiedzi

Numer:Wysokość:Lokalizacja:Nazwa góry:% Poprawnych
1.8848 m n.p.m.HimalajeMount Everest
99%
2.8611 m n.p.m.KarakorumK2
88%
4.8516 m n.p.m.HimalajeLhotse
43%
3.8586 m n.p.m.HimalajeKanczendzonga
39%
10.8091 m n.p.m.HimalajeAnnapurna
35%
9.8126 m n.p.m.HimalajeNanga Parbat
34%
5.8463 m n.p.m.HimalajeMakalu
30%
6.8201 m n.p.m.HimalajeCzo Oju
28%
8.8156 m n.p.m.HimalajeManaslu
25%
7.8167 m n.p.m.HimalajeDhaulagiri
16%

Rozkład punktacji

Percentyl według liczby udzielonych odpowiedzi

Procent ludzi z każdym wynikiem

Twoja historia wyników

Nie rozwiązałeś tego quizu